Drogi przechodzące przez Poznań - Statystyki

Ogólne statystyki
  • Ten quiz został rozwiązany 93 razy
  • Średni wynik to 6 z 10
Statystyki odpowiedzi
Odpowiedź % Poprawnych
A2
98%
S11
92%
S5
92%
92
83%
307
42%
433
38%
194
30%
196
30%
430
30%
311
23%
Nie znaleziono quizów pasujących do podanych kryteriów
Rozkład punktacji
Procent ludzi z każdym wynikiem
Percentyl według liczby udzielonych odpowiedzi
Twoja historia wyników
Nie rozwiązałeś tego quizu